| 000 -ლიდერი |
| ფიქსირებული სიგრძის საკონტროლო ველი |
01542nam a2200289Ia 4500 |
| 001 - საკონტროლო ნომერი |
| საკონტროლო ველი |
1189 |
| 003 - საკონტროლო ნომრის იდენტიფიკატორი |
| საკონტროლო ველი |
GE_BSU |
| 005 - ბოლო ოპერაციის თარიღი და დრო |
| საკონტროლო ველი |
20250417172350.0 |
| 008 - ფიქსირებული სიგრძის მონაცემთა ელემენტები - ზოგადი ინფორმაცია |
| ფიქსირებული სიგრძის საკონტროლო ველი |
181216s1962||||ge |||||||||||||| ||geo|| |
| 040 ## - კატალოგიზაციის წყარო |
| Transcribing agency |
GE_BSU |
| 041 ## - ენის კოდი |
| Language code of text/sound track or separate title |
geo |
| 080 ## - უნივერსალური ათობითი კლასიფიკაციის ინდექსი |
| Universal Decimal Classification number |
632.7 : 595.7(075.8) ე–69 |
| 100 ## - მთავარი ჩანაწერი - პიროვნების სახელი |
| Personal name |
კალანდაძე, ლ. |
| 9 (RLIN) |
6059 |
| 245 ## - ცნობა სათაურის შესახებ |
| Title |
ენტომოლოგია. ნ.2. : |
| Remainder of title |
სას.-სამ. კულტურის მავნებლები / |
| Statement of responsibility, etc |
ლ. კალანდაძე, ირ. ბათიაშვილი, ნ. ალექსიძე, გ. ყანჩაველი; ირ. ბათიაშვილის საერთო რედ. |
| 264 ## - წარმოების, გამოცემის, დისტრიბუციის და სხვა ცნობები |
| გამოცემის, წარმოების, დისტრიბუციის... ადგილი |
თბილისი : |
| გამოცემის, წარმოების, დისტრიბუციის... სახელწოდება |
სას.-სამ. ინ-ტის გამ-ბა და სტ., |
| გამოცემის, წარმოების, დისტრიბუციის... თარიღი |
1962. |
| 300 ## - ფიზიკური აღწერა |
| Extent |
391გვ.: |
| Other physical details |
ილ.; |
| Dimensions |
24 სმ. |
| 504 ## - BIBLIOGRAPHY, ETC. NOTE |
| Bibliography, etc |
ბიბლიოგრაფია: გვ. 386. |
| 653 ## - INDEX TERM--UNCONTROLLED |
| Uncontrolled term |
ენტომოლოგია |
| 653 ## - INDEX TERM--UNCONTROLLED |
| Uncontrolled term |
სასოფლო-სამეურნეო კულტურების მავნებლები |
| 700 ## - ADDED ENTRY--PERSONAL NAME |
| Personal name |
კალანდაძე, ლ. |
| Relator term |
ავტორი |
| 9 (RLIN) |
6059 |
| 700 ## - ADDED ENTRY--PERSONAL NAME |
| Personal name |
ბათიაშვილი, ირ. |
| Relator term |
ავტორი |
| 9 (RLIN) |
11544 |
| 700 ## - ADDED ENTRY--PERSONAL NAME |
| Personal name |
ქარუმიძე, ს. |
| Relator term |
ავტორი |
| 9 (RLIN) |
24875 |
| 700 ## - ADDED ENTRY--PERSONAL NAME |
| Personal name |
ყანჩაველი, გ. |
| Relator term |
ავტორი |
| 9 (RLIN) |
24876 |
| 700 ## - ADDED ENTRY--PERSONAL NAME |
| Personal name |
ბათიაშვილი, ირ. |
| Relator term |
რედაქტორი |
| 9 (RLIN) |
11544 |
| 942 ## - ADDED ENTRY ELEMENTS (KOHA) |
| Koha item type |
წიგნი |
| Source of classification or shelving scheme |
|